Clint Eastwood Movies Quiz Stats

 Plays Quiz Updated Jan 1, 2021

     
Support Sporcle.
Go Orange.
Score 0/53 Timer 10:00
9 Plays Today
Year Movie % Correct
1971Dirty Harry
93.2%
1966The Good, the Bad and the Ugly
86.1%
2008Gran Torino
76.5%
1976The Outlaw Josey Wales
72.7%
1992Unforgiven
72.5%
2004Million Dollar Baby
71.4%
1965For a Few Dollars More
64.4%
1964A Fistful of Dollars
64.2%
2018The Mule
63%
1973Magnum Force
56.1%
1988The Dead Pool
50.3%
1985Pale Rider
49.4%
1978Every Which Way But Loose
49%
1993In the Line of Fire
48.8%
1970Kelly's Heroes
48.1%
1983Sudden Impact
47.2%
2021Cry Macho
46.7%
1968Hang 'Em High
46.6%
1980Any Which Way You Can
46.1%
1971Play Misty for Me
43.5%
1986Heartbreak Ridge
41.9%
2012Trouble with the Curve
40.5%
1995The Bridges of Madison County
40.3%
2000Space Cowboys
39.9%
1973High Plains Drifter
39.5%
1976The Enforcer
39.5%
1968Coogan's Bluff
37.2%
Year Movie % Correct
1979Escape from Alcatraz
34.7%
1977The Gauntlet
31.1%
1969Paint Your Wagon
30.8%
1970Two Mules for Sister Sara
30.8%
2002Blood Work
30.2%
1968Where Eagles Dare
29.5%
1997Absolute Power
27.1%
1982Firefox
27%
1975The Eiger Sanction
24.6%
1980Bronco Billy
24.6%
1990The Rookie
24%
1989Pink Cadillac
23.8%
1972Joe Kidd
22.8%
1993A Perfect World
21.3%
1984Tightrope
21%
1971The Beguiled
19.9%
1974Thunderbolt and Lightfoot
19.1%
1999True Crime
18.1%
1982Honkytonk Man
17.2%
1984City Heat
16.4%
1990White Hunter Black Heart
15.1%
1955Francis in the Navy
8.4%
1967The Witches
7.4%
1958Ambush at Cimarron Pass
6.1%
1956The First Traveling Saleslady
5.6%
1958Lafayette Escadrille
5.4%

From the Vault

Ferrell Not Carrey

by BigRed78

Movies 3m
Sometimes things get confusing. Imagine if they started playing each other.
Remove Ads.
Support Sporcle.
Get the best of Sporcle when you Go Orange. This ad-free experience offers more features, more stats, and more fun while also helping to support Sporcle. Thank you for becoming a member.

Show Comments

Extras

Top Quizzes Today


Score Distribution

Your Account Isn't Verified!

In order to create a playlist on Sporcle, you need to verify the email address you used during registration. Go to your Sporcle Settings to finish the process.

Report this User

Report this user for behavior that violates our Community Guidelines.

Details: